FIFA World Cup winning footballers who have played for Chelsea - Statistics

General Stats
  • This quiz has been taken 1,148 times
    686 since last reset
  • The average score is 6 of 15
Answer Stats
First appearance for Chelsea Player % Correct
2023 Enzo Fernandez
84%
*2016 N'Golo Kante
80%
2014 Cesc Fabregas
56%
2011 Fernando Torres
56%
*2018 Olivier Giroud
55%
*2013 Andre Schürrle
45%
2011 Juan Mata
43%
2015 Pedro Rodriguez
38%
*1998 Marcel Desailly
34%
2001 Emmanuel Petit
26%
1999 Didier Deschamps
18%
1957 Jimmy Greaves
17%
*1996 Frank Leboeuf
15%
2007 Juliano Belletti
10%
*1960 Peter Bonetti
9%
No matching quizzes found
Score Distribution
Percent of People with Each Score
Percentile by Number Answered
Your Score History
You have not taken this quiz since the last reset